100 thành phố nổi tiếng của Trung Quốc

Đã lưu trong:
Bibliografiske detaljer
Hovedforfatter: ĐẶNG THANH TỊNH
Format: Bog
Sprog:Undetermined
Udgivet: H. VHTT 2002
Fag:
Tags: Tilføj Tag
Ingen Tags, Vær først til at tagge denne postø!
Thư viện lưu trữ: Trung tâm Học liệu Trường Đại học Cần Thơ
LEADER 00487nam a2200169Ia 4500
001 CTU_50188
008 210402s9999 xx 000 0 und d
082 |a 915.1 
082 |b T312 
100 |a ĐẶNG THANH TỊNH 
245 0 |a 100 thành phố nổi tiếng của Trung Quốc 
245 0 |c ĐẶNG THANH TỊNH 
260 |a H. 
260 |b VHTT 
260 |c 2002 
650 |a china- description and travel 
980 |a Trung tâm Học liệu Trường Đại học Cần Thơ